Reviewing the London Plan (Record no. 105056)
[ view plain ]
| 000 -LEADER | |
|---|---|
| fixed length control field | 01353cam a2200217 4500 |
| 001 - CONTROL NUMBER | |
| control field | ##L132215 |
| 008 - FIXED-LENGTH DATA ELEMENTS--GENERAL INFORMATION | |
| fixed length control field | 060118n2005 000 0 eng u |
| 020 ## - INTERNATIONAL STANDARD BOOK NUMBER | |
| International Standard Book Number | 1852618124 |
| 035 ## - SYSTEM CONTROL NUMBER | |
| System control number | (Sirsi) u132215 |
| 041 0# - LANGUAGE CODE | |
| Language code of text/sound track or separate title | eng |
| 050 04 - LIBRARY OF CONGRESS CALL NUMBER | |
| Classification number | 711.309421 $2 18 |
| 110 1# - MAIN ENTRY--CORPORATE NAME | |
| Corporate name or jurisdiction name as entry element | London |
| Subordinate unit | Greater London Authority |
| -- | Mayor of London |
| 9 (RLIN) | 4869 |
| 245 00 - TITLE STATEMENT | |
| Title | Reviewing the London Plan |
| Remainder of title | statement of intent from the Mayor |
| Medium | [electronic resource] |
| 260 ## - PUBLICATION, DISTRIBUTION, ETC. | |
| Place of publication, distribution, etc. | London |
| Name of publisher, distributor, etc. | GLA |
| Date of publication, distribution, etc. | 2005 |
| 520 ## - SUMMARY, ETC. | |
| Summary, etc. | Sets out the Mayor's intentions for the first review of the "London Plan" (L125752). Provides a guide to the review process and identifies the main policy areas to be strengthened or amended in the "London Plan". Reviews data on future trends in London's economy and demography and highlights the stark challenge that climate change presents. The review will extend the plan timescale from 2016 to 2025-26. Although not a formal consultation, comments on the particular issues identified are welcomed to help inform the preparation of draft revised policies for spring 2006. |
| 590 ## - LOCAL NOTE (RLIN) | |
| Local note | IKA170106 |
| 650 24 - SUBJECT ADDED ENTRY--TOPICAL TERM | |
| Topical term or geographic name entry element | LONDON PLAN |
| 690 ## - LOCAL SUBJECT ADDED ENTRY--TOPICAL TERM (OCLC, RLIN) | |
| Topical term or geographic name as entry element | ENVIRONMENTAL AND LAND CONSULTANCY-PLANNING AND DEVELOPMENT-STRATEGIC PLANNING |
| 856 40 - ELECTRONIC LOCATION AND ACCESS | |
| Uniform Resource Identifier | <a href="https://legacy.london.gov.uk/mayor/strategies/sds/docs/review-dec05.pdf">https://legacy.london.gov.uk/mayor/strategies/sds/docs/review-dec05.pdf</a> |
| Public note | View the review free of charge at legacy.london.gov.uk |
| 942 ## - ADDED ENTRY ELEMENTS (KOHA) | |
| Suppress in OPAC | 0 |
| Withdrawn status | Lost status | Source of classification or shelving scheme | Damaged status | Not for loan | Home library | Current library | Shelving location | Date acquired | Total Checkouts | Full call number | Barcode | Date last seen | Copy number | Price effective from | Koha item type |
|---|---|---|---|---|---|---|---|---|---|---|---|---|---|---|---|
| Dewey Decimal Classification | Virtual | Virtual | Online | 18/01/2006 | ONLINE PUBLICATION | 132215-2001 | 06/08/2019 | 1 | 06/08/2019 | Book |